000 nam a22 7a 4500
999 _c332444
_d332444
003 NUST
005 20171206100825.0
008 171206b xxu||||| |||| 00| 0 eng d
020 _a1843393638
040 _c0
082 _a628.96 VRO
100 _aVrouwenvelder,Johannes Simon
_96967
245 _aBiofouling of spiral wound membrane systems
_bJohannes Simon Vrouwenvelder
260 _aLondon
_bIWA
_c2011.
300 _a333p.
500 _aP.B
942 _2ddc
_cBK
_kIESE